Midiendo la desigualdad de oportunidades en América Latina y el Caribe / (Registro nro. 8631)

Detalles MARC
000 -LEADER
fixed length control field 01794nam a2200337Ia 4500
003 - CONTROL NUMBER IDENTIFIER
control field OSt
005 - DATE AND TIME OF LATEST TRANSACTION
control field 20211026095649.0
008 - FIXED-LENGTH DATA ELEMENTS--GENERAL INFORMATION
fixed length control field 210310t2008 ck aod fr 000 0 spa d
020 ## - INTERNATIONAL STANDARD BOOK NUMBER
International Standard Book Number 9789588307558
040 ## - CATALOGING SOURCE
Original cataloging agency CO-JMCR
Transcribing agency CO-JMCR
041 0# - LANGUAGE CODE
Language code of text/sound track or separate title spa
082 04 - DEWEY DECIMAL CLASSIFICATION NUMBER
Classification number 305 /
Item number P126m
Edition number 23
100 1# - MAIN ENTRY--PERSONAL NAME
Personal name Paes de Barros, Ricardo,
9 (RLIN) 17832
Relator term autor
245 10 - TITLE STATEMENT
Title Midiendo la desigualdad de oportunidades en América Latina y el Caribe /
Statement of responsibility, etc. Ricardo Paes de Barros, Francisco H. G. Ferreira, José R. Molinas Vega [y 1 más]
250 ## - EDITION STATEMENT
Edition statement Primera edición
260 ## - PUBLICATION, DISTRIBUTION, ETC.
Place of publication, distribution, etc. Bogotá :
Name of publisher, distributor, etc. Banco Mundial : Mayol Ediciones,
Date of publication, distribution, etc. ©2008
300 ## - PHYSICAL DESCRIPTION
Extent 219 páginas :
Other physical details ilustraciones, fotografías y gráficas a blanco y negro ;
Dimensions 22 cm.
500 ## - GENERAL NOTE
General note Incluye notas a pie de página.
504 ## - BIBLIOGRAPHY, ETC. NOTE
Bibliography, etc. note Bibliografía al final de cada capítulo.
505 0# - FORMATTED CONTENTS NOTE
Formatted contents note Desigualdad de oportunidades: Qué es, cómo puede medirse y por qué es importante -- índice de oportunidades humanas para los niños -- Usos y aplicaciones de índice de oportunidades humanas -- Desigualdad de oportunidades económicas en siete países de América Latina -- Desigualdad de oportunidades en el rendimiento educativo en cinco países de América Latina
650 14 - SUBJECT ADDED ENTRY--TOPICAL TERM
Topical term or geographic name entry element Igualdad de oportunidades
9 (RLIN) 17834
650 24 - SUBJECT ADDED ENTRY--TOPICAL TERM
Topical term or geographic name entry element Desigualdad económica regional
Geographic subdivision América Latina y el Caribe
9 (RLIN) 41291
650 24 - SUBJECT ADDED ENTRY--TOPICAL TERM
Topical term or geographic name entry element Desigualdad social
Geographic subdivision América Latina y el Caribe
9 (RLIN) 41292
650 24 - SUBJECT ADDED ENTRY--TOPICAL TERM
Topical term or geographic name entry element Distribución del ingreso
Geographic subdivision América Latina y el Caribe
9 (RLIN) 41293
651 #4 - SUBJECT ADDED ENTRY--GEOGRAPHIC NAME
Geographic name América Latina
General subdivision Política social
9 (RLIN) 7494
651 #4 - SUBJECT ADDED ENTRY--GEOGRAPHIC NAME
Geographic name América Latina
General subdivision Condiciones sociales
9 (RLIN) 9842
651 #4 - SUBJECT ADDED ENTRY--GEOGRAPHIC NAME
Geographic name América Latina
Form subdivision Condiciones económicas
9 (RLIN) 41294
700 1# - ADDED ENTRY--PERSONAL NAME
Personal name Ferreira, Francisco H. G.,
Relator term autor
9 (RLIN) 41295
700 1# - ADDED ENTRY--PERSONAL NAME
Personal name Molinas Vega, José R.,
Relator term autor
9 (RLIN) 41296
942 ## - ADDED ENTRY ELEMENTS (KOHA)
Source of classification or shelving scheme Dewey Decimal Classification
Koha item type Books
Existencias
Withdrawn status Lost status Source of classification or shelving scheme Damaged status Not for loan Collection code Home library Current library Date acquired Source of acquisition Full call number Barcode Date last seen Copy number Koha item type
    Dewey Decimal Classification     Non-fiction Biblioteca Pública José María del Castillo y Rada Biblioteca Pública José María del Castillo y Rada 04/15/2018 Donación 305 / P126m 430005109 05/16/2024 Ej.1 Books